| 000 | 00901-am-a2200205-a-4500 | ||
|---|---|---|---|
| 001 | 000169907 | ||
| 003 | AM-YEHGA | ||
| 005 | 20250617163838.0 | ||
| 008 | 990508s1962 xxu 000 0 rus u | ||
| 020 | _c2.16 | ||
| 040 | _aAM-YeHGA | ||
| 041 | _arus | ||
| 100 | 1 | _aЛейбсон, Лев Германович | |
| 245 | 1 | 0 |
_aСахар крови : _bРегуляция содержания сахара в крови у животных и человека / _cЛ.Г. Лейбсон ; АН СССР. Ин-т эволюционной физиологии им. И.М. Сеченова. |
| 260 | 0 |
_aЛ., _aМосква : _bАН СССР. Ленингр. отд-ние , _c1962. |
|
| 300 | _a400 с. | ||
| 650 | 1 | 4 | _aЗдравоохранение, медицина |
| 710 | 2 | _aИн-т эволюционной физиологии им. И.М. Сеченова АН СССР | |
| 090 | _c517208 | ||
| 999 |
_c513693 _d513693 |
||